000 00318nam a2200133Ia 4500
005 20251222155155.0
008 251222s9999||||xx |||||||||||||| ||spa||
082 _aEST. 05
100 _aINEI (*) ,
245 0 _aProyecciones de Poblacion por aƱos calendario
250 _a1ra. ed.
264 _bINEI
942 _cLIB
999 _c39733
_d39733